[Event "TUR-chT 2nd League"]
[Site "Konya"]
[Date "2018.07.21"]
[Round "8.11"]
[White "Saglam, Bunyamin"]
[Black "Bedel, Sercan Sahin"]
[Result "0-1"]
[WhiteElo "1464"]
[BlackElo "1794"]
[PlyCount "88"]
[EventDate "2018.07.16"]
[EventType "team-swiss"]
[EventRounds "9"]
[EventCountry "TUR"]
[SourceTitle "EXT 2019"]
[Source "ChessBase"]
[SourceDate "2018.10.10"]
[SourceVersion "1"]
[SourceVersionDate "2018.10.10"]
[SourceQuality "1"]
[WhiteTeam "Maras Spor Kulubu"]
[BlackTeam "Yalova Altinkale"]
[WhiteTeamCountry "TUR"]
[BlackTeamCountry "TUR"]

1. e4 c5 2. Nc3 Nc6 3. Bb5 Nd4 4. Nf3 Nxb5 5. Nxb5 d6 6. 0-0 Bg4 7. h3 Bh5 8. d3 a6 9. Nc3 Nf6 10. Nd5 e6 11. Nf4 Be7 12. Nxh5 Nxh5 13. c4 0-0 14. Rb1 d5 15. Ne5 Nf6 16. exd5 exd5 17. Bg5 Qc7 18. Re1 Rad8 19. Qe2 Rfe8 20. cxd5 Nxd5 21. Nf3 h6 22. Bxe7 Rxe7 23. Qd2 Rxe1+ 24. Rxe1 Nf4 25. Re3 Qd6 26. b3 Qg6 27. Ne1 Qg5 28. Kh2 b5 29. g3 Ne6 30. Nf3 Qd5 31. Qe2 a5 32. Qe1 a4 33. bxa4 bxa4 34. Qa1 Rb8 35. h4 a3 36. d4 Rb2 37. Qe1 Rxa2 38. dxc5 Qxc5 39. Kg1 Rc2 40. Kg2 a2 41. Qf1 Qxe3 42. Ng1 a1Q 43. Nh3 Qaa3 44. Qg1 Qxg3+ 0-1

[Event "TUR-chT 2nd League"]
[Site "Konya"]
[Date "2018.07.19"]
[Round "6.7"]
[White "Boz, Fatih Emre"]
[Black "Bedel, Sercan Sahin"]
[Result "0-1"]
[WhiteElo "1803"]
[BlackElo "1794"]
[PlyCount "78"]
[EventDate "2018.07.16"]
[EventType "team-swiss"]
[EventRounds "9"]
[EventCountry "TUR"]
[SourceTitle "EXT 2019"]
[Source "ChessBase"]
[SourceDate "2018.10.10"]
[SourceVersion "1"]
[SourceVersionDate "2018.10.10"]
[SourceQuality "1"]
[WhiteTeam "Denizli Ihtisas"]
[BlackTeam "Yalova Altinkale"]
[WhiteTeamCountry "TUR"]
[BlackTeamCountry "TUR"]

1. e4 c5 2. Nc3 Nc6 3. f4 d6 4. Nf3 e5 5. f5 Nf6 6. Bb5 Bd7 7. d3 a6 8. Bxc6 Bxc6 9. 0-0 h6 10. Ne2 b5 11. Ng3 Be7 12. Kh1 Qc7 13. Qe1 0-0 14. Qe2 Rfe8 15. Bd2 d5 16. Rae1 dxe4 17. Nxe4 Rad8 18. Qf2 Bd5 19. Qg3 Kh7 20. Nxf6+ Bxf6 21. Bc1 c4 22. d4 Bxf3 23. dxe5 Bxg2+ 24. Qxg2 Bxe5 25. c3 Qd7 26. Rf3 Bf6 27. Rg1 Re5 28. Rgf1 Rde8 29. R3f2 Rd5 30. Qf3 Rd3 31. Qg4 Qd5+ 32. Rg2 a5 33. Kg1 b4 34. cxb4 axb4 35. h3 Re4 36. Bf4 Bd4+ 37. Kh1 Bxb2 38. f6 Bxf6 39. Qc8 Rd1 0-1

[Event "TUR-chT 2nd League"]
[Site "Konya"]
[Date "2018.07.18"]
[Round "4.4"]
[White "Okay, Ilkin Ege"]
[Black "Bedel, Sercan Sahin"]
[Result "1-0"]
[WhiteElo "1969"]
[BlackElo "1794"]
[PlyCount "109"]
[EventDate "2018.07.16"]
[EventType "team-swiss"]
[EventRounds "9"]
[EventCountry "TUR"]
[SourceTitle "EXT 2019"]
[Source "ChessBase"]
[SourceDate "2018.10.10"]
[SourceVersion "1"]
[SourceVersionDate "2018.10.10"]
[SourceQuality "1"]
[WhiteTeam "Pendik Dernegi"]
[BlackTeam "Yalova Altinkale"]
[WhiteTeamCountry "TUR"]
[BlackTeamCountry "TUR"]

1. e4 d6 2. d4 Nd7 3. Nf3 e5 4. Bc4 Be7 5. dxe5 dxe5 6. Qd5 Nh6 7. Bxh6 0-0 8. Be3 c6 9. Qd2 Qc7 10. Nc3 a5 11. a4 Nc5 12. 0-0 Bg4 13. Qe2 Rae8 14. h3 Bc8 15. Rad1 h6 16. Bxc5 Bxc5 17. Nh4 Kh7 18. Rd3 g6 19. Nf3 f5 20. Rfd1 f4 21. Na2 Qe7 22. c3 h5 23. b4 Bb6 24. bxa5 Bxa5 25. R1d2 Bb6 26. Qd1 Kh6 27. Nc1 Qc5 28. Ba2 Rf6 29. h4 Bg4 30. Qb3 Ra8 31. Ng5 Re8 32. Qb4 Re7 33. Nb3 Qxb4 34. cxb4 Bc7 35. Nc5 Rf8 36. Nce6 Rfe8 37. Nxc7 Rxc7 38. f3 Bc8 39. Nf7+ Kg7 40. Nd6 Ree7 41. Nxc8 Rxc8 42. Rd7 Rc7 43. Rxe7+ Rxe7 44. Rd6 Rc7 45. Bc4 b5 46. axb5 cxb5 47. Bxb5 Rc1+ 48. Bf1 Rb1 49. b5 Kf7 50. b6 Kg7 51. Rd7+ Kf6 52. b7 g5 53. hxg5+ Kxg5 54. Kh2 Kf6 55. Ba6 1-0

[Event "TUR-chT 2nd League"]
[Site "Konya"]
[Date "2017.07.19"]
[Round "4.12"]
[White "Bedel, Sercan Sahin"]
[Black "Tumer, Levent"]
[Result "1-0"]
[WhiteElo "1768"]
[BlackElo "1492"]
[PlyCount "89"]
[EventDate "2017.07.17"]
[EventType "team-swiss"]
[EventRounds "9"]
[EventCountry "TUR"]
[SourceTitle "CBM 179 Extra"]
[Source "ChessBase"]
[SourceDate "2017.08.23"]
[SourceVersion "1"]
[SourceVersionDate "2017.08.23"]
[SourceQuality "1"]
[WhiteTeam "Yalova Altinkale"]
[BlackTeam "Bolu Koroglu"]
[WhiteTeamCountry "TUR"]
[BlackTeamCountry "TUR"]

1. e4 e6 2. d4 d5 3. Nc3 Nf6 4. Bg5 Be7 5. e5 Nfd7 6. Bxe7 Qxe7 7. Nb5 Qd8 8. c3 0-0 9. f4 a6 10. Na3 c5 11. Nc2 Nc6 12. Nf3 cxd4 13. Ncxd4 Nxd4 14. Nxd4 Nc5 15. Be2 Qh4+ 16. g3 Qh6 17. Bf3 Bd7 18. 0-0 Bc6 19. Re1 Rad8 20. Nxc6 bxc6 21. b4 Ne4 22. Bxe4 dxe4 23. Qc2 Rd3 24. Rxe4 Rfd8 25. Rd4 R3xd4 26. cxd4 g5 27. Qe4 gxf4 28. gxf4 Qh3 29. Rd1 Kh8 30. Kh1 Rg8 31. Qxc6 Qg4 32. Rf1 h5 33. Qf3 Qg6 34. d5 exd5 35. f5 Qg4 36. Qxd5 h4 37. Qf3 Qg5 38. a4 Qh6 39. Qf4 Qh5 40. b5 axb5 41. axb5 Rg4 42. Qf2 Qg5 43. b6 Rb4 44. Rg1 Qh6 45. Qc5 1-0

[Event "TUR-chT 2nd League"]
[Site "Konya"]
[Date "2017.07.18"]
[Round "2.13"]
[White "Bedel, Sercan Sahin"]
[Black "Basgonul, Bekir Serkan"]
[Result "1/2-1/2"]
[WhiteElo "1768"]
[BlackElo "1807"]
[PlyCount "101"]
[EventDate "2017.07.17"]
[EventType "team-swiss"]
[EventRounds "9"]
[EventCountry "TUR"]
[SourceTitle "CBM 179 Extra"]
[Source "ChessBase"]
[SourceDate "2017.08.23"]
[SourceVersion "1"]
[SourceVersionDate "2017.08.23"]
[SourceQuality "1"]
[WhiteTeam "Yalova Altinkale"]
[BlackTeam "Adamlari Amator"]
[WhiteTeamCountry "TUR"]
[BlackTeamCountry "TUR"]

1. e4 c5 2. Nf3 Nc6 3. d4 cxd4 4. Nxd4 g6 5. Nxc6 bxc6 6. Qd4 Nf6 7. Nc3 d6 8. Bc4 Bg7 9. 0-0 0-0 10. Bb3 Qa5 11. h3 Qh5 12. Qe3 h6 13. Ne2 g5 14. c3 Qh4 15. f3 Ba6 16. Bd2 Bxe2 17. Be1 Qf4 18. Qxe2 Nh5 19. Bd2 Qe5 20. Qe3 a5 21. Qf2 a4 22. Bc2 Rfb8 23. b3 axb3 24. Bxb3 Nf4 25. Rfd1 Nd3 26. Qe2 Nc5 27. Qc4 e6 28. Kf2 Ra5 29. Rab1 d5 30. exd5 cxd5 31. Qe2 Qc7 32. c4 Nxb3 33. axb3 Bd4+ 34. Be3 Bxe3+ 35. Qxe3 dxc4 36. Rbc1 Qh2 37. Rxc4 Ra2+ 38. Rd2 Ra1 39. Qc3 Qg1+ 40. Kg3 Qe1+ 41. Rf2 Qxc3 42. Rxc3 Rb1 43. h4 R1xb3 44. Rxb3 Rxb3 45. hxg5 hxg5 46. Kg4 f6 47. Rc2 Rb4+ 48. Kh5 Kf7 49. Rc7+ Ke8 50. Kg6 Rf4 51. Rf7 1/2-1/2

[Event "TUR Cup"]
[Site "Antalya"]
[Date "2017.02.03"]
[Round "10"]
[White "Ersoy, Emre"]
[Black "Bedel, Sercan Sahin"]
[Result "1-0"]
[WhiteElo "1611"]
[BlackElo "1832"]
[PlyCount "87"]
[EventDate "2017.01.28"]
[EventType "swiss"]
[EventRounds "11"]
[EventCountry "TUR"]
[SourceTitle "CBM 176 Extra"]
[Source "ChessBase"]
[SourceDate "2017.03.02"]
[SourceVersion "1"]
[SourceVersionDate "2017.03.02"]
[SourceQuality "1"]

1. e4 c5 2. Nf3 Nc6 3. d4 cxd4 4. Nxd4 Nf6 5. Nc3 d6 6. Bc4 e6 7. Bb3 Be7 8. 0-0 0-0 9. f4 Re8 10. Be3 a6 11. f5 d5 12. exd5 exd5 13. Nde2 Ng4 14. Bd4 Qc7 15. g3 Nxd4 16. Nxd4 Ne3 17. Nxd5 Qe5 18. Nxe3 Qxe3+ 19. Rf2 Bc5 20. c3 Bxf5 21. Qf3 Qxf3 22. Rxf3 Be6 23. Bxe6 Rxe6 24. Raf1 f6 25. Rd3 Rd8 26. Rfd1 Kf7 27. Kf2 b5 28. Kf3 Red6 29. Ke4 Re8+ 30. Kf3 g6 31. Nb3 Rxd3+ 32. Rxd3 Be7 33. Rd7 Ra8 34. Nd4 Ke8 35. Rb7 h5 36. Ke4 Rd8 37. Rxe7+ Kxe7 38. Nc6+ Kd7 39. Nxd8 Kxd8 40. Kd5 Kd7 41. b3 g5 42. c4 bxc4 43. bxc4 a5 44. c5 1-0

[Event "TUR Cup"]
[Site "Antalya"]
[Date "2017.01.31"]
[Round "5"]
[White "Bedel, Sercan Sahin"]
[Black "Dalgar, Hakki Berat"]
[Result "0-1"]
[WhiteElo "1832"]
[BlackElo "2027"]
[PlyCount "90"]
[EventDate "2017.01.28"]
[EventType "swiss"]
[EventRounds "11"]
[EventCountry "TUR"]
[SourceTitle "CBM 176 Extra"]
[Source "ChessBase"]
[SourceDate "2017.03.02"]
[SourceVersion "1"]
[SourceVersionDate "2017.03.02"]
[SourceQuality "1"]

1. e4 c6 2. d3 d5 3. Nd2 e5 4. Ngf3 Bd6 5. Be2 Nf6 6. 0-0 0-0 7. a4 Nbd7 8. c3 a5 9. Re1 Re8 10. Bf1 b6 11. Qc2 Qc7 12. g3 Ba6 13. Bg2 Nc5 14. c4 Rad8 15. d4 exd4 16. Nxd4 Ncxe4 17. Nxe4 Nxe4 18. Bxe4 Rxe4 19. Rxe4 dxe4 20. Qxe4 Bb7 21. c5 Bxc5 22. Bf4 Qd7 23. Nf3 Bf8 24. Ng5 g6 25. Re1 h6 26. Nf3 c5 27. Ne5 Qe7 28. Qc2 Re8 29. Bd2 Qd6 30. Bc3 Qd5 31. f3 c4 32. Rd1 Qe6 33. Ng4 Bc5+ 34. Kf1 Kf8 35. Re1 Qc6 36. Rxe8+ Qxe8 37. Qd2 g5 38. Nxh6 Bxf3 39. Nf5 Be4 40. Nd4 Bd3+ 41. Kf2 Qxa4 42. Qxg5 Bxd4+ 43. Bxd4 Qc2+ 44. Kg1 Qd1+ 45. Kf2 Qe2+ 0-1

[Event "TUR Cup"]
[Site "Antalya"]
[Date "2017.01.28"]
[Round "1"]
[White "Bedel, Sercan Sahin"]
[Black "Catak, Ayhan"]
[Result "1-0"]
[WhiteElo "1832"]
[BlackElo "1412"]
[PlyCount "77"]
[EventDate "2017.01.28"]
[EventType "swiss"]
[EventRounds "11"]
[EventCountry "TUR"]
[SourceTitle "CBM 176 Extra"]
[Source "ChessBase"]
[SourceDate "2017.03.02"]
[SourceVersion "1"]
[SourceVersionDate "2017.03.02"]
[SourceQuality "1"]

1. e4 d6 2. Nf3 Nf6 3. Nc3 g6 4. Bc4 Nc6 5. d3 Na5 6. 0-0 Nxc4 7. dxc4 Be6 8. Qe2 Bg7 9. Bf4 Nh5 10. Be3 0-0 11. c5 f5 12. Ng5 Qd7 13. f4 Nf6 14. Rad1 h6 15. exf5 gxf5 16. Nf3 a6 17. Rfe1 Ne4 18. Bd4 d5 19. Rd3 c6 20. Na4 Qe8 21. Bxg7 Kxg7 22. Ne5 Bf7 23. g4 e6 24. Kh1 Kh7 25. Rh3 fxg4 26. Nxg4 h5 27. Ne5 Kh6 28. Qe3 Qe7 29. Nc3 Qxc5 30. Nxe4 Qxe3 31. Rexe3 dxe4 32. Rxe4 Bg6 33. Nxg6 Kxg6 34. Rxe6+ Kf5 35. Re7 Kg4 36. Kg2 Rad8 37. Rg3+ Kh4 38. Re4 Rd2+ 39. Kf3 1-0

[Event "TUR-ch"]
[Site "Kemer"]
[Date "2011.02.10"]
[Round "7"]
[White "Kilic, Ihsan"]
[Black "Bedel, Sercan Sahin"]
[Result "1-0"]
[WhiteElo "2069"]
[BlackElo "1793"]
[PlyCount "69"]
[EventDate "2011.02.05"]
[EventType "swiss"]
[EventRounds "10"]
[EventCountry "TUR"]
[SourceTitle "CBM 140 Extra"]
[Source "ChessBase"]
[SourceDate "2011.03.01"]
[SourceVersion "1"]
[SourceVersionDate "2011.03.01"]
[SourceQuality "1"]

1. d4 Nf6 2. e3 d5 3. Bd3 e6 4. f4 c5 5. c3 c4 6. Bc2 b5 7. Nf3 Bb7 8. 0-0 Nbd7 9. Nbd2 g6 10. Ne5 Bg7 11. Qf3 0-0 12. g4 Ne8 13. Qh3 Nd6 14. Ndf3 Nf6 15. Bd2 Nfe4 16. g5 Nf5 17. Rae1 Nxd2 18. Nxd2 Bxe5 19. dxe5 Qb6 20. Bxf5 exf5 21. Nf3 b4 22. Nd4 bxc3 23. bxc3 Qa5 24. Rb1 Rab8 25. Rb5 Qa6 26. Rfb1 Rfd8 27. Qg2 Rd7 28. Qb2 Kg7 29. h4 h5 30. gxh6+ Kxh6 31. Kf2 Kh7 32. Kf3 g5 33. hxg5 Kg6 34. Rh1 Qa4 35. Qh2 1-0